|
|
|
|
| LEADER |
00000nam a22000007a 4500 |
| 005 |
20120808131646.0 |
| 007 |
cr|||| |||| |
| 008 |
120808s2012 it |||||s|||| 00||0 ita d |
| 020 |
|
|
|a 9788861329072
|
| 035 |
|
|
|a 6597
|
| 040 |
|
|
|a vLex
|
| 090 |
|
|
|c 3354
|d 3354
|
| 100 |
1 |
|
|a di Pirro, Massimiliano
|
| 245 |
1 |
0 |
|a Codice di Procedura Civile illustrato.
|h [Recurso electrn̤ico] :
|b Dottrina, giurisprudenza, schemi, mappe e tabelle /
|c Massimiliano di Pirro
|
| 256 |
|
|
|a Servicio en ln̕ea
|
| 260 |
|
|
|a Piacenza :
|b Casa Editrice La Tribuna,
|c 2012
|
| 300 |
|
|
|a 1 recurso electrn̤ico
|
| 506 |
1 |
|
|a Contenido solo disponible en los productos indicados
|d vLex Global
|d vLex Global (Academic Edition, excluding Law Schools)
|d vLex Global (U.S. Academic Edition, Law Schools)
|d vLex Global (U.S. Academic Edition, excluding Law Schools)
|d vLex Global (Academic Edition, Law Schools)
|
| 650 |
0 |
4 |
|a Procedimiento civil
|z Italia
|
| 740 |
0 |
|
|a vLex Libros (Servicio en ln̕ea)
|
| 856 |
4 |
0 |
|u http://vlex.com/source/codice-procedura-civile-illustrato-6597
|z Acceso restringido
|
| 942 |
|
|
|c BOOK
|
| 999 |
0 |
|
|a Civil procedure
|